| 000 | 00353 a2200109 4500 | ||
|---|---|---|---|
| 001 | ART_8058 | ||
| 005 | 20260410161831.0 | ||
| 008 | 260409a | ||
| 245 | 1 | 0 | _aLa ética y la especulación |
| 100 | 1 | _aGómez-Bezares, Fernando | |
| 773 | 0 |
_tBoletín de estudios económicos _gÉtica y economía - Vol. 55, Nº 170 (ago. 2000) _wREV5142 |
|
| 999 |
_c23246 _d23246 |
||